Statistiques concernant Villes de Montpellier Méditerranée Métropole

Cliquez ici pour prendre le quiz!

Statistiques générales

  • Ce quiz a été pris 193 fois
  • Le résultat moyen est 12 sur 31

Statistiques - réponses

Réponse% Correct
Lattes
84%
Castelnau Le Lez
76%
Saint Jean de Védas
75%
Juvignac
72%
Pérols
72%
Montpellier
65%
Jacou
59%
Le Crès
51%
Pignan
49%
Vendargues
49%
Lavérune
47%
Clapiers
43%
Grabels
43%
Fabrègues
41%
Villeneuve les Maguelone
41%
Baillargues
40%
Castries
38%
Prades Le Lez
35%
Cournonsec
32%
Montferrier sur lez
32%
Saint Georges d'Orques
31%
Murviel Les Montpellier
28%
Saussan
26%
Cournonteral
24%
Saint Brès
19%
Sussargues
18%
Saint Drézéry
16%
Restinclières
11%
Beaulieu
8%
Montaud
8%
Saint Géniès des Mourgues
4%

Distribution des résultats

Percentile par nombre de réponses

% des personnes avec chaque résultat

Votre développement - résultats

Vous n’avez pas pris ce quiz